La logique mathématique et le calcul mécanique /
Guardado en:
| Autor Principal: | |
|---|---|
| Autor Corporativo: | |
| Formato: | Libro |
| Idioma: | French |
| Publicado: |
Bahía Blanca :
Instituto de Matemática, Universidad Nacional del Sur,
1972.
|
| Series: | Notas de lógica matemática,
8 Notas de lógica matemática (Instituto de Matemática, Universidad Nacional del Sur) ; 8 |
| Acceso en línea: | Texto escaneado (PDF) |
| Etiquetas: |
Agregar Etiqueta
Sin Etiquetas, Sea el primero en etiquetar este registro!
|
| LEADER | 00866nam a2200205 a 4500 | ||
|---|---|---|---|
| 001 | MAT.inmabb006432 | ||
| 008 | 101206s1972####ag#######b###f000#0#fre## | ||
| 005 | 20151229130931.0 | ||
| 245 | 1 | 3 | |a La logique mathématique et le calcul mécanique / |c par Jean Porte. |
| 260 | |a Bahía Blanca : |b Instituto de Matemática, Universidad Nacional del Sur, |c 1972. | ||
| 300 | |a 105 p. ; |c 27 cm. | ||
| 440 | 0 | |a Notas de lógica matemática, |x 0078-2017 ; |v 8 | |
| 504 | |a Incluye referencias bibliográficas: p. 100-105. | ||
| 510 | 4 | |a MR, |c 51 #5253 | |
| 100 | 1 | |a Porte, Jean. | |
| 710 | 2 | |a Instituto de Matemática. INMABB. UNS. CONICET. | |
| 830 | 0 | |a Notas de lógica matemática (Instituto de Matemática, Universidad Nacional del Sur) ; |v 8 | |
| 084 | |a 03-01 |2 msc2000 | ||
| 856 | 4 | 1 | |u http://inmabb-conicet.gob.ar/publicaciones/nlm/NLM-8.pdf |y Texto escaneado (PDF) |
| 859 | |b BIB. MATEMATICA | ||
